Kiss Emánuel
Elmentve itt :
| Dokumentumtípus: | Cikk |
|---|---|
| Megjelent: |
1926-04-11
|
| Sorozat: | Délmagyarország
2 No. 82 |
| Kulcsszavak: | Kiss Emmánuel, Gyászjelentés |
| Online Access: | http://dmarchiv.bibl.u-szeged.hu/37678 |
| LEADER | 00399nab a2200145 i 4500 | ||
|---|---|---|---|
| 001 | delm37678 | ||
| 005 | 20180927112926.0 | ||
| 008 | 180927s1926 hu o 0|| hun d | ||
| 040 | |a SZTE Délmagyarország Archívum |b hun | ||
| 041 | |a hun | ||
| 245 | 0 | 0 | |a Kiss Emánuel |h [elektronikus dokumentum] |
| 260 | |c 1926-04-11 | ||
| 300 | |a 11 | ||
| 490 | 0 | |a Délmagyarország |v 2 No. 82 | |
| 695 | |a Kiss Emmánuel, Gyászjelentés | ||